[Event "22. Copenhagen Open  (Politiken Cup)"]
[Site "Copenhagen"]
[Date "2000.07.27"]
[Round "10"]
[White "Golod, Vitali"]
[Black "Gulko, Boris F"]
[Result "1/2-1/2"]
[WhiteElo "2590"]
[BlackElo "2643"]
[PlyCount "21"]
[EventDate "2000.07.17"]
[EventType "swiss"]
[EventRounds "11"]
[EventCountry "DEN"]
[SourceDate "2004.01.01"]

1. d4 e6 2. c4 Bb4+ 3. Bd2 a5 4. Nf3 d6 5. g3 Nc6 6. Bg2 e5 7. d5 Nb8 8. e4 Nf6
9. Qc2 O-O 10. O-O c6 11. dxc6 $11 1/2-1/2

[Event "22. Copenhagen Open  (Politiken Cup)"]
[Site "Copenhagen"]
[Date "2000.07.27"]
[Round "10"]
[White "Grand, Hans Henrik"]
[Black "Hamann, Steffen"]
[Result "1-0"]
[WhiteElo "2036"]
[BlackElo "1638"]
[PlyCount "81"]
[EventDate "2000.07.17"]
[EventType "swiss"]
[EventRounds "11"]
[EventCountry "DEN"]
[SourceDate "2004.01.01"]

1. e4 e6 2. d4 d5 3. exd5 exd5 4. Nf3 Nf6 5. c4 Bb4+ 6. Nc3 O-O 7. Be2 Ne4 8.
Bd2 c6 9. O-O Nxd2 10. Qxd2 Be6 11. a3 Bd6 12. cxd5 cxd5 13. Ne5 f6 14. Nd3 a6
15. Nc5 Bxc5 16. dxc5 Nd7 17. b4 Ne5 18. Rfd1 Nc4 19. Qd4 b5 20. Bf3 Ra7 21.
Bxd5 Bxd5 22. Nxd5 Rff7 23. c6 Qd6 24. c7 Ra8 25. a4 Rc8 26. axb5 axb5 27. g3
Qc6 28. Qg4 Rcf8 29. Qe4 Kh8 30. Qd4 Rd7 31. Qc5 Qxc5 32. bxc5 Nb2 33. c6 Rd6
34. Rd2 Nc4 35. Rd4 Ne5 36. Kg2 Nxc6 37. Rdd1 Ne5 38. Ne7 Rc6 39. Nxc6 Nxc6 40.
Rac1 Ne7 41. Rd8 1-0

[Event "22. Copenhagen Open  (Politiken Cup)"]
[Site "Copenhagen"]
[Date "2000.07.27"]
[Round "10"]
[White "Greiff, Hkan"]
[Black "Nilssen, John Arni"]
[Result "1-0"]
[WhiteElo "2284"]
[BlackElo "2354"]
[PlyCount "97"]
[EventDate "2000.07.17"]
[EventType "swiss"]
[EventRounds "11"]
[EventCountry "DEN"]
[SourceDate "2004.01.01"]

1. e4 c5 2. Nf3 $11 Nc6 3. Nc3 g6 4. Bb5 Bg7 5. d3 d6 6. Bxc6+ bxc6 7. O-O Rb8
8. Qe2 e5 9. Ne1 Qe7 10. Nd1 Nf6 11. b3 O-O 12. Bg5 h6 13. Bxf6 Qxf6 14. g3 Qe7
15. Ng2 f5 16. f3 d5 17. c4 Be6 18. Nc3 d4 19. Na4 h5 20. Nh4 Kh7 21. exf5 Bxf5
22. Nxf5 gxf5 23. Rae1 h4 24. f4 hxg3 25. hxg3 Kg8 26. fxe5 Bh6 27. Qh5 Qg7 28.
Kg2 f4 29. Rf3 Rbe8 30. Nxc5 Bg5 31. Qg4 Bh6 32. Qxg7+ Kxg7 33. gxf4 Rxf4 34.
Rxf4 Bxf4 35. Re4 Be3 36. e6 Kf6 37. e7 Rxe7 38. Rxe7 Kxe7 39. Kf3 Kd6 40. Ne4+
Ke5 41. Ke2 Bh6 42. Kd1 Bf8 43. c5 Be7 44. b4 Kd5 45. Kc2 Bd8 46. Kb3 Bc7 47.
Nd6 Bb8 48. Nc8 Ke5 49. Kc4 1-0

[Event "22. Copenhagen Open  (Politiken Cup)"]
[Site "Copenhagen"]
[Date "2000.07.27"]
[Round "10"]
[White "Greisen, Flemming Dahl"]
[Black "Drejer, Hans Ulrik"]
[Result "1-0"]
[WhiteElo "1488"]
[BlackElo "1680"]
[PlyCount "103"]
[EventDate "2000.07.17"]
[EventType "swiss"]
[EventRounds "11"]
[EventCountry "DEN"]
[SourceDate "2004.01.01"]

1. d4 d5 2. c4 e6 3. Nf3 Nf6 4. Bf4 Be7 5. e3 O-O 6. Bd3 dxc4 7. Bxc4 c5 8. Nc3
Nc6 9. O-O cxd4 10. Nxd4 Nxd4 11. Qxd4 Qxd4 12. exd4 b6 13. d5 Bb4 14. dxe6
Bxe6 15. Bxe6 fxe6 16. Nb5 Nd5 17. Bd6 Rf6 18. a3 Bxd6 19. Nxd6 Raf8 20. g3 Rf3
21. Rab1 Nf6 22. h3 Rd3 23. Nb5 Ne4 24. Nxa7 Rdf3 25. Rbe1 Nd2 26. Nc6 Nxf1 27.
Rxf1 Rb3 28. Rb1 e5 29. Nxe5 Re8 30. Nc4 Re2 31. a4 Rc2 32. Na3 Rcxb2 33. Ra1
Rf3 34. Nc4 Rc2 35. Ra3 Rfxf2 36. Nxb6 Rg2+ 37. Kh1 Rh2+ 38. Kg1 Rxh3 39. a5 h5
40. a6 Rhh2 41. a7 Rcg2+ 42. Kf1 Rf2+ 43. Ke1 Re2+ 44. Kd1 Rd2+ 45. Kc1 Rc2+
46. Kb1 Rce2 47. a8=Q+ Kh7 48. Rc3 Rb2+ 49. Kc1 Ra2 50. Qe4+ Kh6 51. Qf4+ Kh7
52. Qf5+ 1-0

[Event "22. Copenhagen Open  (Politiken Cup)"]
[Site "Copenhagen"]
[Date "2000.07.27"]
[Round "10"]
[White "Grubert, Christian"]
[Black "Nielsen, Morten"]
[Result "1-0"]
[WhiteElo "2060"]
[BlackElo "2094"]
[PlyCount "77"]
[EventDate "2000.07.17"]
[EventType "swiss"]
[EventRounds "11"]
[EventCountry "DEN"]
[SourceDate "2004.01.01"]

1. e4 Nf6 2. Nc3 d5 3. exd5 Nxd5 4. Bc4 Nb6 5. Bb3 Nc6 6. Nf3 Bf5 7. d3 e6 8.
h3 Be7 9. O-O g5 10. g4 Bg6 11. Ne4 h6 12. Bd2 Nd5 13. Bxd5 exd5 14. Ng3 Qd7
15. b4 Nxb4 16. Ne5 Qa4 17. Bxb4 Bxb4 18. Nxg6 fxg6 19. Qe2+ Kd7 20. Qe5 Qc6
21. Qg7+ Be7 22. Rab1 Qf6 23. Qxf6 Bxf6 24. Rxb7 Bd4 25. Rb5 Kc6 26. c4 dxc4
27. dxc4 Rae8 28. Rd1 Bb6 29. Rbd5 Rhf8 30. R1d2 Re1+ 31. Kg2 Rc1 32. Re5 Rxc4
33. Re6+ Kb7 34. Rxg6 Rcf4 35. Nf5 h5 36. Rxg5 hxg4 37. hxg4 Ra4 38. Rg7 Bc5
39. Rc2 1-0

[Event "22. Copenhagen Open  (Politiken Cup)"]
[Site "Copenhagen"]
[Date "2000.07.27"]
[Round "10"]
[White "Hansen, Henrik Damgaard"]
[Black "Nielsen, Michael B"]
[Result "1-0"]
[WhiteElo "1508"]
[BlackElo "1421"]
[PlyCount "57"]
[EventDate "2000.07.17"]
[EventType "swiss"]
[EventRounds "11"]
[EventCountry "DEN"]
[SourceDate "2004.01.01"]

1. e4 e5 2. Nf3 Nc6 3. d4 exd4 4. Nxd4 Nf6 5. Nxc6 bxc6 6. Bd3 d5 7. Qe2 Be7 8.
O-O dxe4 9. Bxe4 Nxe4 10. Qxe4 O-O 11. Qxc6 Rb8 12. b3 Bd6 13. Qf3 Bb7 14. Qh3
Re8 15. Nc3 Be5 16. Bb2 Qf6 17. Rad1 Bc8 18. Qf3 Qh6 19. h3 Bb7 20. Qg4 Re6 21.
Bc1 Qg6 22. Qxg6 Rxg6 23. Nd5 Re8 24. g3 Bd6 25. Nf4 Rf6 26. Rfe1 Rxe1+ 27.
Rxe1 g6 28. Re8+ Kg7 29. Bb2 1-0

[Event "22. Copenhagen Open  (Politiken Cup)"]
[Site "Copenhagen"]
[Date "2000.07.27"]
[Round "10"]
[White "Hansen, Henrik Michael"]
[Black "Hvenekilde, Jorgen"]
[Result "1/2-1/2"]
[WhiteElo "2119"]
[BlackElo "2260"]
[PlyCount "77"]
[EventDate "2000.07.17"]
[EventType "swiss"]
[EventRounds "11"]
[EventCountry "DEN"]
[SourceDate "2004.01.01"]

1. e4 e5 2. Nf3 Nc6 3. d4 exd4 4. Nxd4 d6 5. Nc3 g6 6. Be3 Bg7 7. Qd2 Nxd4 8.
Bxd4 Nf6 9. f3 O-O 10. O-O-O Be6 11. g4 c5 12. Be3 Qa5 13. Bh6 Rfd8 14. h4 Bh8
15. Kb1 Rd7 16. h5 a6 17. Qf4 d5 18. hxg6 fxg6 19. exd5 Bf7 20. d6 b5 21. Bg5
Rf8 22. Qh2 h5 23. gxh5 Nxh5 24. Bh3 Bxc3 25. bxc3 Qa3 26. Bxd7 Bxa2+ 27. Ka1
Bc4+ 28. Kb1 Rxf3 29. Be6+ Bxe6 30. d7 Ba2+ 31. Ka1 Bc4+ 32. Kb1 Ba2+ 33. Ka1
Bc4+ 34. Kb1 Qa2+ 35. Kc1 Qa1+ 36. Kd2 Qxc3+ 37. Kc1 Qa3+ 38. Kd2 Qb4+ 39. Kc1
1/2-1/2

[Event "22. Copenhagen Open  (Politiken Cup)"]
[Site "Copenhagen"]
[Date "2000.07.27"]
[Round "10"]
[White "Hansen, Lars Bo"]
[Black "Brynell, Stellan"]
[Result "1-0"]
[WhiteElo "2562"]
[BlackElo "2484"]
[PlyCount "63"]
[EventDate "2000.07.17"]
[EventType "swiss"]
[EventRounds "11"]
[EventCountry "DEN"]
[SourceDate "2004.01.01"]

1. d4 d5 2. c4 dxc4 3. Nf3 Nf6 4. e3 Bg4 5. Bxc4 e6 6. Nc3 Nc6 7. h3 Bh5 8. a3
a6 9. Be2 Bd6 10. b4 O-O 11. Bb2 Qe8 12. O-O e5 13. Nxe5 Bxe2 14. Nxe2 Nxe5 15.
dxe5 Bxe5 16. Nd4 c6 17. Qc2 a5 18. bxa5 Rxa5 19. a4 Rd5 20. Ba3 Bd6 21. Bxd6
Rxd6 22. Rab1 Qc8 23. Nf5 Rd7 24. Rb4 Rfd8 25. Qb2 h5 26. Rf4 Qc7 {#} 27. Nxg7
Qxf4 28. exf4 Kxg7 29. Re1 Rd4 30. a5 Rxf4 31. Qe5 Rdd4 32. g3 1-0

[Event "22. Copenhagen Open  (Politiken Cup)"]
[Site "Copenhagen"]
[Date "2000.07.27"]
[Round "10"]
[White "Haugsdal, Arn Tore"]
[Black "Skytte, Rasmus"]
[Result "0-1"]
[WhiteElo "2007"]
[BlackElo "2323"]
[PlyCount "55"]
[EventDate "2000.07.17"]
[EventType "swiss"]
[EventRounds "11"]
[EventCountry "DEN"]
[SourceDate "2004.01.01"]

1. e4 c5 2. c3 Nf6 3. e5 Nd5 4. d4 cxd4 5. Nf3 e6 6. cxd4 d6 7. Nc3 Nxc3 8.
bxc3 Qc7 9. Bd3 Qxc3+ 10. Qd2 Qxd2+ 11. Bxd2 Bd7 12. O-O Bc6 13. Ng5 dxe5 14.
f4 h6 15. Nxf7 Kxf7 16. f5 Bd6 17. fxe6+ Kxe6 18. dxe5 Bc5+ 19. Kh1 Nd7 20.
Bf5+ Ke7 21. Rac1 b6 22. e6 Nf6 23. Rxc5 bxc5 24. Be3 Ne4 25. Rf4 Raf8 26. Bxe4
Rxf4 27. Bxc6 Rf1+ 28. Bg1 0-1

[Event "22. Copenhagen Open  (Politiken Cup)"]
[Site "Copenhagen"]
[Date "2000.07.27"]
[Round "10"]
[White "Hector, Jonny"]
[Black "Baburin, Alexander"]
[Result "1-0"]
[WhiteElo "2509"]
[BlackElo "2590"]
[PlyCount "133"]
[EventDate "2000.07.17"]
[EventType "swiss"]
[EventRounds "11"]
[EventCountry "DEN"]
[SourceDate "2004.01.01"]

1. e4 Nf6 2. Nc3 d5 3. e5 Nfd7 4. d4 c5 5. f4 cxd4 6. Nb5 Nc6 7. Nf3 Nc5 8.
Nfxd4 e6 9. Be3 Bd7 10. Nc3 a6 11. Be2 Be7 12. O-O O-O 13. a3 Rc8 14. Qe1 Nxd4
15. Bxd4 f5 16. exf6 Bxf6 17. Qd2 Qb6 18. Nb1 Rc6 19. Qe3 Bxd4 20. Qxd4 Ne4 21.
Qxb6 Rxb6 22. b4 Bb5 23. Bd3 g5 24. a4 Bc6 25. c3 a5 26. b5 Nc5 27. Bc2 Be8 28.
fxg5 Bg6 29. Bxg6 hxg6 30. Nd2 e5 31. Nf3 Re6 32. Rfe1 e4 33. Nd4 Re5 34. h4
Nd3 35. Rf1 Ree8 36. Ne2 Kg7 37. Kh2 Rc8 38. Kg3 Nb2 39. Rxf8 Rxf8 40. Nf4 Rc8
41. Nxd5 Rc5 42. Ne3 Rxc3 43. Kf4 Rb3 44. Kxe4 Rb4+ 45. Kf3 Rxh4 46. g4 Rh8 47.
Ra2 Nd3 48. Ke4 Rd8 49. Rc2 b6 50. Rc7+ Kf8 51. Nc4 Nc5+ 52. Ke5 Nxa4 53. Rc6
Kf7 54. Nd6+ Ke7 55. Nc8+ Kd7 56. Nxb6+ Nxb6 57. Rxb6 Re8+ 58. Kd5 Re1 59. Rxg6
Rd1+ 60. Kc5 Rc1+ 61. Kb6 a4 62. Rc6 Rg1 63. Rc4 a3 64. Ra4 a2 65. Rxa2 Rxg4
66. Ra7+ Kd6 67. Rg7 1-0

[Event "22. Copenhagen Open  (Politiken Cup)"]
[Site "Copenhagen"]
[Date "2000.07.27"]
[Round "10"]
[White "Helin, Mikael"]
[Black "Jorgensen, Arne Bjorn"]
[Result "1-0"]
[WhiteElo "2066"]
[BlackElo "2006"]
[PlyCount "127"]
[EventDate "2000.07.17"]
[EventType "swiss"]
[EventRounds "11"]
[EventCountry "DEN"]
[SourceDate "2004.01.01"]

1. e4 e6 2. Nf3 d5 3. e5 c5 4. b4 c4 5. c3 a5 6. b5 a4 7. d4 cxd3 8. Bxd3 Nd7
9. Qe2 Qc7 10. Bf4 Ne7 11. Bg3 Ng6 12. h4 Nc5 13. Bc2 Bd7 14. h5 Ne7 15. Nbd2
Qa5 16. c4 dxc4 17. O-O Bxb5 18. Nd4 Nd5 19. Nxb5 Qxb5 20. Nxc4 Qa6 21. Qg4 f5
22. exf6 Nxf6 23. Qd4 Rd8 24. Qh4 Be7 25. h6 g6 26. Rad1 O-O 27. Ne5 Rxd1 28.
Rxd1 Qe2 29. Rc1 Qh5 30. Qc4 Nd5 31. Rd1 Qxh6 32. Rxd5 b5 33. Qd4 exd5 34.
Qxd5+ Kg7 35. Ng4 Qc1+ 36. Bd1 Rf7 37. Qe5+ Kg8 38. Kh2 Qg5 39. Qb8+ Rf8 40.
Qxb5 Qh5+ 41. Kg1 Qd5 42. Bxa4 Qxa2 43. Bd1 h5 $11 44. Nh2 h4 45. Bf4 Rxf4 46.
Qe8+ Bf8 47. Qxg6+ Bg7 48. Bc2 Qa1+ 49. Nf1 Qf6 50. Qe8+ Bf8 51. Qe2 Qg5 52.
Ne3 Qe5 53. Bb1 Bd6 54. Qc2 Re4 55. Qa2+ $11 Kg7 56. Qa7+ Kh6 57. Ng4+ Rxg4 58.
Qh7+ Kg5 59. Qg6+ Kf4 60. Qh6+ Rg5 61. Qxh4+ Rg4 62. Qh6+ Rg5 63. Qh2+ Kg4 64.
f3# 1-0

[Event "22. Copenhagen Open  (Politiken Cup)"]
[Site "Copenhagen"]
[Date "2000.07.27"]
[Round "10"]
[White "Henrichsen, Jens"]
[Black "Christensen, Jan N"]
[Result "1-0"]
[WhiteElo "2046"]
[BlackElo "2139"]
[PlyCount "83"]
[EventDate "2000.07.17"]
[EventType "swiss"]
[EventRounds "11"]
[EventCountry "DEN"]
[SourceDate "2004.01.01"]

1. d4 Nf6 2. c4 c5 3. d5 b5 4. cxb5 a6 5. bxa6 g6 6. Nc3 Bxa6 7. e4 Bxf1 8.
Kxf1 d6 9. g3 Bg7 10. Kg2 O-O 11. Nf3 Nbd7 12. h3 Qc7 13. Bg5 Rfb8 14. Qc2 Ra5
15. Rhe1 Nb6 16. a4 Qa7 17. b3 Qb7 18. Rad1 Ne8 19. Bd2 Ra6 20. Rb1 Qa8 21. Nd1
c4 22. a5 cxb3 23. Rxb3 Rc8 24. Qd3 Nc4 25. Nd4 Bxd4 26. Qxd4 Nxd2 27. Qxd2
Rxa5 28. Nc3 Nf6 29. Reb1 Nxe4 30. Nxe4 Rxd5 31. Qe3 Re5 32. Rb7 d5 33. Rxe7
Rxe4 34. Rxe4 dxe4 35. h4 Qd5 36. h5 gxh5 37. Rb6 Qe5 38. Qe2 Rc5 39. Rb4 f5
40. Qxh5 Rc7 41. Rb8+ Kg7 42. Qg5+ 1-0

[Event "22. Copenhagen Open  (Politiken Cup)"]
[Site "Copenhagen"]
[Date "2000.07.27"]
[Round "10"]
[White "Hoff, Terje"]
[Black "Nilsson, Nils Specht"]
[Result "1/2-1/2"]
[WhiteElo "2051"]
[BlackElo "2188"]
[PlyCount "95"]
[EventDate "2000.07.17"]
[EventType "swiss"]
[EventRounds "11"]
[EventCountry "DEN"]
[SourceDate "2004.01.01"]

1. d4 Nf6 2. c4 e6 3. a3 c5 4. d5 b5 5. Nc3 a6 6. Bg5 Qa5 7. f3 d6 8. e4 exd5
9. Bxf6 gxf6 10. Qxd5 Ra7 11. cxb5 Be7 12. Bc4 Be6 13. Qd3 axb5 14. Bxe6 fxe6
15. Qxb5+ Qxb5 16. Nxb5 Rb7 17. a4 Rg8 18. g3 Kd7 19. Ne2 Nc6 20. Kd2 Ne5 21.
f4 Ng4 22. Nec3 Kc6 23. h3 Nh6 24. g4 d5 25. Rhc1 Bd6 26. Nxd6 Rxb2+ 27. Kd3
Kxd6 28. Nb5+ Kc6 29. Nd4+ Kd7 30. Rxc5 dxe4+ 31. Kxe4 f5+ 32. gxf5 exf5+ 33.
Nxf5 Re8+ 34. Re5 Nxf5 35. Kxf5 Rf8+ 36. Kg4 Rb4 37. Rf5 Rg8+ 38. Kh4 Ke6 39.
Re5+ Kf6 40. Rf1 Rxa4 41. Rb5 Rg6 42. Rb6+ Kf5 43. Rb5+ Kf6 44. Kh5 Ra3 45.
Rb6+ Kf5 46. Rb5+ Kf6 47. Rb6+ Kf5 48. Rb5+ 1/2-1/2

[Event "22. Copenhagen Open  (Politiken Cup)"]
[Site "Copenhagen"]
[Date "2000.07.27"]
[Round "10"]
[White "Hoi, Carsten"]
[Black "Rasmussen, Casper Dahl"]
[Result "1-0"]
[WhiteElo "2408"]
[BlackElo "2281"]
[PlyCount "83"]
[EventDate "2000.07.17"]
[EventType "swiss"]
[EventRounds "11"]
[EventCountry "DEN"]
[SourceDate "2004.01.01"]

1. d4 d5 2. Nc3 Nf6 3. Bg5 e6 4. e4 dxe4 5. Nxe4 Be7 6. Bxf6 gxf6 7. Nf3 a6 8.
Bd3 b5 9. a4 bxa4 10. c3 Bd7 11. Bc2 Kf8 12. Qd2 h6 13. Bxa4 Bxa4 14. Rxa4 Qd5
15. Qe2 Qb3 16. Ra1 Nd7 17. O-O a5 18. Rfe1 Kg7 19. Ng3 Bd6 20. Nh5+ Kf8 21. c4
c6 22. Rad1 Rg8 23. d5 cxd5 24. cxd5 e5 25. Ng3 Qb4 26. Ne4 Bc5 27. Nh4 Bd4 28.
Nf5 Bxb2 29. Qe3 Rg6 30. h4 h5 31. Qf3 a4 32. Qxh5 Kg8 33. d6 a3 34. Neg3 Re8
35. Re4 Qxe4 36. Nxe4 a2 37. Qe2 a1=Q 38. Rxa1 Bxa1 39. Ne7+ Kg7 40. Nxg6 fxg6
41. Qb5 Rd8 42. Qa5 1-0

[Event "22. Copenhagen Open  (Politiken Cup)"]
[Site "Copenhagen"]
[Date "2000.07.27"]
[Round "10"]
[White "Jacobsen, Jesper Howalt"]
[Black "Petersen, Kim Linde"]
[Result "0-1"]
[WhiteElo "1289"]
[BlackElo "1454"]
[PlyCount "92"]
[EventDate "2000.07.17"]
[EventType "swiss"]
[EventRounds "11"]
[EventCountry "DEN"]
[SourceDate "2004.01.01"]

1. d4 e5 2. d5 Bc5 3. e3 f5 4. a3 Nf6 5. b4 Bb6 6. c4 d6 7. Nc3 c6 8. dxc6 bxc6
9. Nf3 Be6 10. Na4 O-O 11. Nxb6 axb6 12. Bb2 Qc7 13. Be2 Nbd7 14. O-O d5 15.
Ng5 Rae8 16. Nxe6 Rxe6 17. cxd5 cxd5 18. Rc1 Rc6 19. Rxc6 Qxc6 20. Qc1 Rc8 21.
Qxc6 Rxc6 22. Rc1 Rxc1+ 23. Bxc1 Kf7 24. Bb2 Ke6 25. Kf1 Ne4 26. Ke1 Nd6 27. f4
Nc4 28. Bxc4 dxc4 29. Kd2 b5 30. Kc3 Nb6 31. fxe5 Na4+ 32. Kc2 Nxb2 33. Kxb2
Kxe5 34. Kc3 Kd5 35. g3 g5 36. h4 gxh4 37. gxh4 h5 38. Kd2 Ke4 39. Kc3 Kxe3 40.
a4 bxa4 41. b5 a3 42. b6 a2 43. Kb2 c3+ 44. Kxa2 c2 45. Kb2 Kd2 46. b7 c1=Q+
0-1

[Event "22. Copenhagen Open  (Politiken Cup)"]
[Site "Copenhagen"]
[Date "2000.07.27"]
[Round "10"]
[White "Jensen, Michael Bremerskov"]
[Black "Schonberg, Pauli"]
[Result "1-0"]
[WhiteElo "1358"]
[BlackElo "1504"]
[PlyCount "93"]
[EventDate "2000.07.17"]
[EventType "swiss"]
[EventRounds "11"]
[EventCountry "DEN"]
[SourceDate "2004.01.01"]

1. d4 b6 2. c4 Bb7 3. Nc3 e6 4. e3 Bb4 5. Nf3 Nf6 6. Be2 Bxc3+ 7. bxc3 Na6 8.
O-O Qe7 9. Qc2 Be4 10. Qa4 Nb8 11. Ne5 Bc6 12. Nxc6 dxc6 13. Bf3 Qd7 14. Ba3 a6
15. e4 c5 16. Qc2 Ra7 17. dxc5 b5 18. Rfd1 Qe7 19. cxb5 axb5 20. Bb4 c6 21. a4
bxa4 22. Rxa4 O-O 23. Rda1 Rd7 24. c4 Rfd8 25. e5 Ne8 26. h3 Qg5 27. Re1 Rd3
28. Ra3 R3d4 29. Raa1 Qf4 30. Re4 Qf5 31. Rae1 Na6 32. Qb2 Rd3 33. R4e3 Qg5 34.
Rxd3 Rxd3 35. Re3 Rxe3 36. fxe3 Qxe3+ 37. Kh1 Nxb4 38. Qxb4 Qxe5 39. Bxc6 Nf6
40. Bf3 h6 41. c6 Ne8 42. Qb7 Qc7 43. c5 Kf8 44. Kg1 Ke7 45. Kf2 Kd8 46. Qb4
Qe7 47. Qb8# 1-0

[Event "22. Copenhagen Open  (Politiken Cup)"]
[Site "Copenhagen"]
[Date "2000.07.27"]
[Round "10"]
[White "Jorgensen, Brian"]
[Black "Rasmussen, Uffe"]
[Result "1-0"]
[WhiteElo "2227"]
[BlackElo "1884"]
[PlyCount "93"]
[EventDate "2000.07.17"]
[EventType "swiss"]
[EventRounds "11"]
[EventCountry "DEN"]
[SourceDate "2004.01.01"]

1. d4 Nf6 2. c4 e6 3. Nf3 b6 4. a3 Ba6 5. Qa4 c6 6. Nc3 d5 7. cxd5 exd5 8. Bf4
Bd6 9. Ne5 Bb7 10. h3 O-O 11. e3 Qe7 12. Be2 Nfd7 13. Nd3 f5 14. Bxd6 Qxd6 15.
g4 Qh6 16. gxf5 Rxf5 17. O-O-O b5 18. Qc2 Rf8 19. Rdg1 a5 20. Nd1 b4 21. a4 c5
22. Kb1 cxd4 23. exd4 Rc8 24. Qb3 Qd2 25. Bf3 Ba6 26. Bxd5+ Kh8 27. Rg3 Ra7 28.
Rhg1 Nf6 29. Be6 Nc6 30. Bxc8 Nxd4 31. Bxa6 Nxb3 32. Bc4 Nd4 33. Ne3 Rc7 34.
Rd1 Qe2 35. Re1 Qh5 36. Nf4 Qe8 37. Nd3 Qc8 38. b3 Ne4 39. Rg4 Nd2+ 40. Ka2
Nxc4 41. Nd5 Nc2 42. Re2 Nd6 43. Nxc7 Qxc7 44. Rc4 Qd7 45. Ne5 Qf5 46. Rcxc2
Ne4 47. Rxe4 1-0

[Event "22. Copenhagen Open  (Politiken Cup)"]
[Site "Copenhagen"]
[Date "2000.07.27"]
[Round "10"]
[White "Jorgensen, Morten S"]
[Black "Trarup, Jorgen"]
[Result "0-1"]
[WhiteElo "1223"]
[BlackElo "1309"]
[PlyCount "74"]
[EventDate "2000.07.17"]
[EventType "swiss"]
[EventRounds "11"]
[EventCountry "DEN"]
[SourceDate "2004.01.01"]

1. e4 c5 2. c3 Nc6 3. d4 e6 4. Nf3 d5 5. Bb5 Bd7 6. exd5 exd5 7. Qe2+ Qe7 8.
Qxe7+ Bxe7 9. O-O a6 10. Bxc6 bxc6 11. Re1 c4 12. Ne5 Ra7 13. Nd2 f6 14. Nxd7
Rxd7 15. Nf3 Kf7 16. Bf4 a5 17. Re2 a4 18. Rae1 g5 19. Bd2 h5 20. Re6 Rd6 21.
R6e3 h4 22. h3 Rd7 23. Re6 Rc7 24. Nh2 Nh6 25. f4 Nf5 26. fxg5 fxg5 27. Ng4 Rb8
28. Ne5+ Kxe6 29. Nxc6+ Kd6 30. Nxb8 Rb7 31. Na6 Rxb2 32. Be3 Ng3 33. Nc5 Rxa2
34. Rb1 Ne2+ 35. Kh2 Nxc3 36. Rb6+ Kc7 37. Rg6 Bxc5 0-1

[Event "22. Copenhagen Open  (Politiken Cup)"]
[Site "Copenhagen"]
[Date "2000.07.27"]
[Round "10"]
[White "Karlstrom, Henrik"]
[Black "McShane, Rod"]
[Result "0-1"]
[WhiteElo "1296"]
[BlackElo "1400"]
[PlyCount "92"]
[EventDate "2000.07.17"]
[EventType "swiss"]
[EventRounds "11"]
[EventCountry "DEN"]
[SourceDate "2004.01.01"]

1. e4 c5 2. Nc3 Nc6 3. f4 g6 4. Bc4 Bg7 5. Nf3 Na5 6. Be2 e6 7. O-O Ne7 8. Nb5
Qb6 9. Kh1 a6 10. Nc3 O-O 11. d3 Nac6 12. Be3 Nd4 13. Rb1 Nxe2 14. Qxe2 Qc7 15.
Nh4 d5 16. exd5 Nxd5 17. Nxd5 exd5 18. f5 Re8 19. Qd2 d4 20. Bh6 Bf6 21. Bg5
Be5 22. fxg6 fxg6 23. Rbe1 Bd7 24. Nf3 Bd6 25. Bf6 Bc6 26. Ng5 Rxe1 27. Rxe1
Bf4 28. Qe2 Be3 29. Qg4 Re8 30. Nf3 Bd7 31. Qh4 Rf8 32. Be5 Qd8 33. Qxd8 Rxd8
34. Bf6 Rc8 35. Bg5 Bxg5 36. Nxg5 Re8 37. Ne4 Kg7 38. Rf1 b6 39. Nf6 Rf8 40.
Kg1 Rxf6 41. Re1 Re6 42. Rxe6 Bxe6 43. b3 Kf6 44. Kf2 h5 45. a4 a5 46. Kg3 Bg4
0-1

[Event "22. Copenhagen Open  (Politiken Cup)"]
[Site "Copenhagen"]
[Date "2000.07.27"]
[Round "10"]
[White "Keeling, Geoff"]
[Black "Nielsen, Nicholas Roland"]
[Result "0-1"]
[WhiteElo "2073"]
[BlackElo "1864"]
[PlyCount "66"]
[EventDate "2000.07.17"]
[EventType "swiss"]
[EventRounds "11"]
[EventCountry "DEN"]
[SourceDate "2004.01.01"]

1. e4 c5 2. Nc3 Nc6 3. g3 g6 4. Bg2 Bg7 5. d3 d6 6. Nf3 Rb8 7. Be3 Bg4 8. h3
Bxf3 9. Qxf3 e6 10. Qd1 Nge7 11. O-O O-O 12. Qd2 b5 13. Bh6 Bxh6 14. Qxh6 Nd4
15. Qd2 Qa5 16. Rfd1 Nec6 17. a3 Qb6 18. Ne2 Nxe2+ 19. Qxe2 Nd4 20. Qd2 Rfc8
21. Rab1 b4 22. a4 b3 23. c3 Nc2 24. Rdc1 Qa6 25. Bf3 Qxa4 26. Bd1 Rc7 27. Bxc2
bxc2 28. Rxc2 Rb3 29. Qg5 Rcb7 30. Qd8+ Kg7 31. Qxd6 R3b6 32. Qxc5 Qxc2 33.
Qd4+ e5 0-1

[Event "22. Copenhagen Open  (Politiken Cup)"]
[Site "Copenhagen"]
[Date "2000.07.27"]
[Round "10"]
[White "Kristensen, Jonas Rune"]
[Black "Olsen, Miriam Frida"]
[Result "1-0"]
[WhiteElo "1696"]
[BlackElo "1437"]
[PlyCount "43"]
[EventDate "2000.07.17"]
[EventType "swiss"]
[EventRounds "11"]
[EventCountry "DEN"]
[SourceDate "2004.01.01"]

1. d4 Nf6 2. c4 e5 3. dxe5 Ne4 4. Nf3 Nc6 5. Nbd2 Nc5 6. Nb3 Nxb3 7. Qxb3 d6 8.
Bg5 f6 9. exf6 gxf6 10. Bd2 a5 11. a4 Bd7 12. e3 b6 13. Be2 Qe7 14. Nd4 O-O-O
15. Nb5 h5 16. Nc3 Qg7 17. Rg1 Ne5 18. Nd5 Be6 19. Qb5 Bd7 20. Qb3 Ng4 21. c5
Qg8 22. Bc4 1-0

[Event "22. Copenhagen Open  (Politiken Cup)"]
[Site "Copenhagen"]
[Date "2000.07.27"]
[Round "10"]
[White "Laustsen, Lars"]
[Black "Nielsen, Borge Hjerrild"]
[Result "0-1"]
[WhiteElo "1974"]
[BlackElo "2153"]
[PlyCount "62"]
[EventDate "2000.07.17"]
[EventType "swiss"]
[EventRounds "11"]
[EventCountry "DEN"]
[SourceDate "2004.01.01"]

1. d4 d5 2. c4 dxc4 3. e3 e5 4. Bxc4 exd4 5. exd4 Bb4+ 6. Nc3 Ne7 7. Qb3 Bxc3+
8. bxc3 O-O 9. Nf3 Nbc6 10. Qb5 Bg4 11. Ng5 a6 12. Qb3 Bh5 13. Bd3 h6 14. Ne4
Na5 15. Qc2 Qd5 16. O-O Bg6 17. Ba3 Rfe8 18. c4 Qh5 19. Qc3 b6 20. Bb2 Nd5 21.
cxd5 Bxe4 22. Bxe4 Rxe4 23. Qxc7 Qxd5 24. Qxb6 Nc4 25. Qb3 Rd8 26. Bc3 Re2 27.
Rae1 Rde8 28. Qa4 R8e6 29. Rxe2 Rxe2 30. f3 Qg5 31. Rf2 Qe3 0-1

[Event "22. Copenhagen Open  (Politiken Cup)"]
[Site "Copenhagen"]
[Date "2000.07.27"]
[Round "10"]
[White "Lilja, Richard"]
[Black "Bromann, Thorbjorn"]
[Result "0-1"]
[WhiteElo "2080"]
[BlackElo "2261"]
[PlyCount "68"]
[EventDate "2000.07.17"]
[EventType "swiss"]
[EventRounds "11"]
[EventCountry "DEN"]
[SourceDate "2004.01.01"]

1. d4 d5 2. c4 Nc6 3. cxd5 Qxd5 4. e3 e5 5. Nc3 Bb4 6. Bd2 Bxc3 7. Bxc3 exd4 8.
Ne2 Bg4 9. f3 O-O-O 10. Nxd4 Nf6 11. Qa4 Bd7 12. Nxc6 Bxc6 13. Qxa7 Rhe8 14.
Be2 Qg5 15. Bxf6 Qxf6 16. O-O Qxb2 17. Rad1 Rd6 18. Rxd6 cxd6 19. Re1 Qb4 20.
Kf2 Qh4+ 21. Kf1 Qxh2 22. Bd3 Qe5 23. Kf2 Qc5 24. Qxc5 dxc5 25. Bc4 f6 26. Rc1
b6 27. Bb3 Kc7 28. a4 Ra8 29. Rc4 Bd5 30. Rxc5+ bxc5 31. Bxd5 Rxa4 32. Be4 Rxe4
33. fxe4 Kd6 34. Ke2 c4 0-1